| 000 | 00581nam a2200193 a 4500 | ||
|---|---|---|---|
| 001 | 000019218 | ||
| 005 | 20200929165943.0 | ||
| 008 | 100528s1988 cu 000 p spa d | ||
| 040 |
_aDO-SdBNP _bspa _cBNPHU |
||
| 082 |
_aCu861.44 _bO48h |
||
| 100 | 1 |
_aOliver Labra, Carilda, _917038 |
|
| 245 | 1 | 4 |
_aLos huesos alumbrados / _cCarilda Oliver Labra. |
| 260 |
_aCuba : _bEdiciones Milanes, _c1988. |
||
| 300 |
_a76, [4] p. ; _c18 cm. |
||
| 500 | _aIncluye notas al pie de las páginas. | ||
| 650 | 4 |
_aPoesía cubana _95226 |
|
| 650 | 4 |
_aLiteratura cubana _91483 |
|
| 049 | _aEn proceso | ||
| 999 |
_c18736 _d18736 |
||